000 01000nam a22003137a 4500
001 BR8002623
003 BR-BrBNA
005 20230928090608.0
007 ta
008 230509b bl.||||| |||| 00| 0 por d
040 _aBR-BrBNA
_bpor
_cBiblioteca Nacional de Agricultura
041 _a(Por)
072 _aP10
_b/G514
_b/GZ35
090 _ P10 BR8002623
110 1 _aSecretaria de Obras e do Meio Ambiente, Sao Paulo, SP (Brasil). Depto. de Aguas e Energia Eletrica
_99002
245 1 _aAproveitamento dos recursos hidricos da bacia do rio Juquia. Plano Preliminar de Obras. v. 1 - Texto [Sao Paulo; Brasil]
_bRelatorio RT 073-A001
260 3 _aSao Paulo, SP (Brasil):
_c1980.
300 _a200 p.
500 _a10 illus.; 28 tables
650 _aRecurso hidrico
650 _aAgua
650 _aAbastecimento
650 _aRecurso hidrico
650 _aBacia hidrografica
650 _aRio Juquia
650 _aSao Paulo
909 _a202309
_bLucia
_c55
_dLucia Elande
942 _cBK
999 _c29542
_d29542